Otto Dix /
Uložené v:
| Ďalší autori: | |
|---|---|
| Médium: | Kniha |
| Jazyk: | German |
| Vydané: |
Reinbek bei Hamburg :
Rowohlt Taschenbuch Verlag,
1991
|
| Vydanie: | 3. Aufl. |
| ISBN: |
3-499-50287-9 |
| Fyzický popis: |
160 S. |
| Tagy: |
Pridať tag
Žiadne tagy, Buďte prvý kto otaguje tento záznam!
|
Titul je dostupný aj v ... 

MARC
| LEADER | 00000nam a2200000 a 4500 | ||
|---|---|---|---|
| 001 | 000477607 | ||
| 003 | SVKK | ||
| 005 | 20050509134625.0 | ||
| 008 | 050509s1991 e gero | ||
| 020 | |a 3-499-50287-9 | ||
| 040 | |a KE001 |b ger | ||
| 080 | |a 7(092) |2 undef | ||
| 245 | 0 | 0 | |a Otto Dix / |c Dargestellt Dietrich Schubert |
| 250 | |a 3. Aufl. | ||
| 260 | |a Reinbek bei Hamburg : |b Rowohlt Taschenbuch Verlag, |c 1991 | ||
| 300 | |a 160 S. | ||
| 700 | 1 | |a Schubert, Dietrich |4 com | |
| 850 | |a KE001 | ||
| 998 | |a KN | ||
| 992 | |a AAU | ||
| 090 | |g SCKGI |k Nemecká knižnica |a 7(092) DIX |j 186/93 |i 2720005117 |s Vyp. 4 týždne | ||